Lịch sử văn hoá thế giới

Gespeichert in:
Bibliographische Detailangaben
1. Verfasser: Carpusina, X
Format: Buch
Veröffentlicht: Thế giới 2002
Tags: Tag hinzufügen
Keine Tags, Fügen Sie den ersten Tag hinzu!
Thư viện lưu trữ: Mạng thư viện Đại học Đà Nẵng
LEADER 00649nam a2200229 a 4500
001 000029102
003 13857
005 20171030145630.0
008 171030s2002
020 |c 55000 
040 |a LTT 
082 0 |a 306.4  |b CA-X 
100 1 |a Carpusina, X 
245 0 0 |a Lịch sử văn hoá thế giới  |c X. Carpusina, V. Carpusin ; Mai Lý Quảng, Đặng Trần Hạnh, Hoàng Giang, Lê Tâm Hằng dịch và chỉnh lý. 
260 |b Thế giới  |c 2002 
OWN |a LTT 
999 |a From the UDN01 
TYP |a Monograph 
TYP |a Printed language 
980 |a Mạng thư viện Đại học Đà Nẵng